[Event "IRL-ch"]
[Site "Dublin"]
[Date "2012.07.12"]
[Round "6"]
[White "King, Melvyn"]
[Black "Cafolla, Peter"]
[Result "0-1"]
[WhiteElo "1890"]
[BlackElo "2027"]
[PlyCount "64"]
[EventDate "2012.07.07"]
[EventType "swiss"]
[EventRounds "9"]
[EventCountry "IRL"]
[SourceTitle "CBM 149 Extra"]
[Source "ChessBase"]
[SourceDate "2012.08.24"]
[SourceVersion "1"]
[SourceVersionDate "2012.08.24"]
[SourceQuality "1"]

1. e4 c5 2. Nc3 a6 3. f4 b5 4. Nf3 Bb7 5. d3 e6 6. g3 d5 7. exd5 exd5 8. Qe2+ Be7 9. Bg2 Nf6 10. 0-0 0-0 11. Kh1 Re8 12. h3 b4 13. Nd1 Qc7 14. Qf2 Bd6 15. c3 a5 16. Nd2 Nbd7 17. c4 Re7 18. Ne3 Rae8 19. Re1 h5 20. Nc2 Rxe1+ 21. Nxe1 h4 22. Ndf3 hxg3 23. Qxg3 Nh5 24. Qg5 Nxf4 25. Bd2 Nxg2 26. Qxg2 dxc4 27. dxc4 Re6 28. Rd1 Rg6 29. Qe2 Ne5 30. Be3 Qc8 31. Qf1 Qf5 32. Qd3 Qxh3# 0-1

[Event "IRL-ch e2e4"]
[Site "Dublin"]
[Date "2011.07.10"]
[Round "9"]
[White "King, Melvyn"]
[Black "Reynolds, Pat"]
[Result "1-0"]
[WhiteElo "1980"]
[BlackElo "2043"]
[PlyCount "67"]
[EventDate "2011.07.02"]
[EventType "swiss"]
[EventRounds "9"]
[EventCountry "IRL"]
[SourceTitle "CBM 143 Extra"]
[Source "ChessBase"]
[SourceDate "2011.08.29"]
[SourceVersion "1"]
[SourceVersionDate "2011.08.29"]
[SourceQuality "1"]

1. e4 c5 2. Nc3 Nc6 3. f4 g6 4. Nf3 Bg7 5. Bb5 Nd4 6. Bd3 d6 7. Nxd4 cxd4 8. Ne2 a6 9. c3 dxc3 10. dxc3 Nf6 11. Ng3 Qb6 12. Qe2 Bg4 13. Qf2 Qc7 14. 0-0 Bd7 15. Kh1 Bc6 16. Bd2 b5 17. Rae1 0-0 18. Qe2 h5 19. e5 dxe5 20. fxe5 Ng4 21. Bf4 e6 22. h3 Nh6 23. Bxh6 Bxh6 24. Nxh5 f5 25. exf6 gxh5 26. Qxh5 Qg3 27. f7+ Kg7 28. Be4 Bxe4 29. Rxe4 Qd3 30. Rg4+ Kh7 31. Rf6 Qd1+ 32. Kh2 Qd6+ 33. Rg3 Qd2 34. Qg6+ 1-0